All Star Wars Movie Characters By Screen Time - Statistics

General Stats
  • This quiz has been taken 111 times
  • The average score is 50 of 131
Answer Stats
Total Screen Time Answer % Correct
3:35:38 Anakin Skywalker/Darth Vader
100%
1:24:58 Leia Organa
96%
2:28:06 Luke Skywalker
96%
1:53:04 Chewbacca
95%
2:50:19 Han Solo
95%
2:36:32 Obi-Wan Kenobi
95%
1:30:53 R2-D2
92%
2:18:25 Rey
92%
1:30:15 C-3PO
91%
50:59 Yoda
91%
1:27:26 Finn
89%
1:26:47 Padme Amidala
88%
1:16:42 Sheev Palpatine
86%
13:04 Mace Windu
84%
3:15 Jan Dodonna
83%
54:52 Poe Dameron
83%
7:55 Boba Fett
80%
21:27 Count Dooku/Darth Tyrannus
80%
2:40 D-O
80%
7:12 Darth Maul
78%
6:31 Jango Fett
78%
1:02:29 Kylo Ren
78%
35:53 Lando Calrissian
72%
40:19 Qui-Gon Jinn
72%
29:09 BB-8
71%
15:44 Jabba the Hutt
70%
28:53 Jar Jar Binks
67%
2:28 Kit Fisto
66%
7:37 General Grievous
64%
7:56 Bail Organa
61%
30:30 Cassian Andor
61%
42:24 Jyn Erso
55%
5:45 Ki-Adi-Mundi
55%
9:03 Captain Rex
54%
10:42 Shmi Skywalker
54%
13:08 Armitage Hux
51%
2:42 Gial Ackbar
51%
4:00 Plo Koon
51%
18:05 Rose Tico
51%
5:49 Owen Lars
50%
7:14 Watto
50%
11:09 K-2SO
49%
3:10 Mon Mothma
47%
26:04 Ahsoka Tano
46%
10:11 Snoke
46%
3:55 Beru Whitesun
45%
4:21 Captain Phasma
45%
10:16 Nute Gunray
45%
14:00 Quarsh Panaka
45%
5:10 Bib Fortuna
42%
4:22 Boss Nass
42%
3:42 Wedge Antilles
41%
8:11 Galen Erso
39%
3:53 Sebulba
39%
3:39 Firmus Piett
38%
5:33 Saw Gerrera
38%
4:49 Wicket W. Warrick
38%
11:07 Chirrut Imwe
37%
11:53 Orson Krennic
36%
6:36 Maz Kanata
34%
35:32 Qi'ra
34%
6:15 Val
34%
5:56 Amilyn Holdo
33%
9:44 Baze Malbus
33%
3:16 Lobot
32%
2:30 Poggle the Lesser
30%
7:30 Sabe
30%
15:15 Bodhi Rook
29%
5:14 Mas Amedda
29%
3:45 Zam Wessel
28%
4:30 Zorii Bliss
28%
1:52 Biggs Darklighter
26%
5:19 Jannah
26%
1:17 Maximilian Veers
26%
32:39 Tobias Beckett
26%
6:32 Asajj Ventress
25%
1:22 Babu Frik
25%
10:26 Dryden Vos
25%
5:25 Enfys Nest
25%
6:19 R4-P17
25%
2:15 Finis Valorum
24%
3:25 Ric Olie
24%
3:40 Nien Nunb
22%
3:56 Rio Durant
22%
2:27 Cliegg Lars
21%
1:52 Dexter Jettster
21%
4:00 Gregar Typho
21%
8:51 L3-37
20%
2:47 Roos Tarpals
20%
8:02 Rune Haako
20%
1:54 Lor San Tekka
17%
2:18 Salacious Crumb
17%
3:27 Taun We
17%
9:19 Wilhuff Tarkin
17%
2:55 Lama Su
16%
12:54 Rotta the Huttlet
16%
4:25 Sio Bibble
16%
2:14 Logray
14%
2:29 Tiaan Jerjerrod
14%
2:24 Wulff Yularen
14%
4:46 DJ
13%
3:03 Enric Pryde
13%
3:02 Saesee Tinn
13%
2:20 Conan Antonio Motti
12%
3:53 Snap Wexley
12%
2:43 Weazel
12%
3:08 Ziro the Hutt
12%
1:51 Admiral Raddus
11%
3:21 Davits Draven
11%
2:33 Paploo
11%
1:37 Dak Raltar
9%
2:20 Garven Dreis
9%
2:28 Moloch
9%
2:16 Rancor
9%
1:16 Dutch Vander
8%
2:27 Kaydel Ko Konnix
8%
4:41 Two Tubes
8%
2:26 Beaumont Kin
7%
5:54 Larma D'Acy
7%
1:45 Carlist Reekan
5%
1:48 Quay Tolsite
5%
:59 Raymus Antilles
5%
4:18 TC-70
5%
3:05 Ruescott Melshi
4%
1:25 Hurst Romodi
3%
1:31 4A-7
1%
2:06 Kitster Banai
1%
2:13 Stordan Tonc
1%
2:00 Whorm Loathsom
1%
2:45 Edrison Peavy
0%
2:46 Vober Dand
0%
No matching quizzes found
Score Distribution
Percent of People with Each Score
Percentile by Number Answered
Your Score History
You have not taken this quiz